| 000 | 00539nam a2200169Ia 4500 | ||
|---|---|---|---|
| 008 | 090711s9999 xx 000 0 und d | ||
| 082 | _b45396 | ||
| 100 | _aसरदेसाई लक्ष्मणराव | ||
| 245 | _aबिजेSाी कोर | ||
| 260 | _c1982 | ||
| 300 | _a162 | ||
| 600 | _aसरदेसाई लक्ष्मणराव | ||
| 630 | _aबिजेSाी कोर | ||
| 700 | _aसरदेसाई लक्ष्मणराव | ||
| 730 | _aबिजेSाी कोर | ||
| 942 | _cBOOK | ||
| 999 |
_c328048 _d328048 |
||